000 00435pab a2200157 454500
008 180718b2008 xxu||||| |||| 00| 0 eng d
100 _aYang, Yang
245 _aSocial inequalities in happiness in the United States, 1972 to 2004: an age-period-cohort analysis
260 _c2008
300 _ap.204-26.
362 _aApr
650 _aSocial inequality
773 _aAmerican Sociological Review
908 _aN
909 _a78827
999 _c78827
_d78827